[Event "City-ch"]
[Site "Moscow RUS"]
[Date "2003.04.20"]
[Round "2.1"]
[White "Malakhov,V"]
[Black "Balashov,Y"]
[Result "1/2-1/2"]
[WhiteElo "2672"]
[BlackElo "2494"]
[EventDate "2003.04.20"]

1. Nf3 Nf6 2. c4 c5 3. Nc3 Nc6 4. d4 cxd4 5. Nxd4 e6 6. g3 Qb6 7. Nb3 d5 8.
cxd5 Nxd5 9. Nxd5 exd5 10. Bg2 Bb4+ 11. Bd2 Bg4 12. O-O Rd8 13. Bxb4 Qxb4
14. Qe1 O-O 15. Qxb4 Nxb4 16. Nd4 Nc6 17. Nxc6 bxc6 18. f3 Bd7 19. Rfc1 a5
20. Rc2 Rb8 21. Rd1 Rb4 22. Rdd2 Rfb8 23. a3 Rb3 24. e4 Be6 25. f4 g6 26.
Rf2 dxe4 27. Bxe4 Bd5 28. Bg2 h5 29. Bf1 Kg7 30. Rcd2 Re8 31. Rfe2 Reb8 32.
Rc2 h4 33. gxh4 Rh8 34. Bg2 Rxh4 35. Bxd5 cxd5 36. Rf2 Rh5 37. Rcd2 Rb5 38.
Rd4 Rh3 39. Rfd2 Rhb3 40. Rxd5 Rxb2 41. a4 1/2-1/2

[Event "City-ch"]
[Site "Moscow RUS"]
[Date "2003.04.20"]
[Round "2.1"]
[White "Riazantsev,A"]
[Black "Nikolenko,O"]
[Result "1/2-1/2"]
[WhiteElo "2534"]
[BlackElo "2521"]
[EventDate "2003.04.20"]

1. d4 Nf6 2. c4 e6 3. Nf3 Bb4+ 4. Bd2 c5 5. Bxb4 cxb4 6. e3 O-O 7. Bd3 d6
8. O-O Re8 9. Nbd2 Nc6 10. Qc2 h6 11. Ne4 Nxe4 12. Bxe4 Bd7 13. d5 Na5 14.
dxe6 Bxe6 15. b3 Rc8 16. Qb1 Rc5 17. Rd1 Nc6 18. Qd3 Bg4 19. h3 Bxf3 20.
Bxf3 Ne5 21. Qxd6 Nxf3+ 22. gxf3 Qg5+ 23. Kh2 Qh4 24. Rd2 Rf5 25. f4 Rh5
26. Qd7 Kh7 27. Qd3+ 1/2-1/2

[Event "City-ch"]
[Site "Moscow RUS"]
[Date "2003.04.20"]
[Round "2.1"]
[White "Shipov,S"]
[Black "Kosyrev,V"]
[Result "1-0"]
[WhiteElo "2604"]
[BlackElo "2530"]
[EventDate "2003.04.20"]

1. d4 e6 2. c4 Nf6 3. Nc3 d5 4. cxd5 exd5 5. Bg5 Be7 6. e3 O-O 7. Bd3 Re8
8. Nf3 Nbd7 9. O-O c6 10. Qc2 Nf8 11. Rab1 Ng6 12. Bxf6 Bxf6 13. b4 a6 14.
Na4 Be7 15. Nc5 Bd6 16. Bf5 Bxf5 17. Qxf5 Qe7 18. Rfc1 Nf8 19. g3 Ne6 20.
Kg2 g6 21. Qc2 Rec8 22. h4 Ng7 23. Rb3 Nf5 24. a3 Rc7 25. Re1 Re8 26. e4
dxe4 27. Nxe4 Rcc8 28. Rd3 Bb8 29. Qb3 Rcd8 30. d5 cxd5 31. Rxd5 Rf8 32.
Qc3 Rxd5 33. Nf6+ Qxf6 34. Qxf6 Rd3 35. h5 Rd6 36. Qg5 Kg7 37. Qc1 Kg8 38.
Qc3 Ba7 39. Qc7 Rb6 40. Ne5 Re6 41. Qxb7 Bd4 42. Nf3 Rb6 43. Qc7 1-0

[Event "City-ch"]
[Site "Moscow RUS"]
[Date "2003.04.20"]
[Round "2.1"]
[White "Kobalia,M"]
[Black "Sambuev,B"]
[Result "1/2-1/2"]
[WhiteElo "2639"]
[BlackElo "2484"]
[EventDate "2003.04.20"]

1. c4 c6 2. e4 e5 3. Nf3 Qa5 4. Nc3 Nf6 5. Be2 Bb4 6. O-O O-O 7. Qc2 Re8 8.
a3 Bf8 9. d4 d6 10. b4 Qc7 11. Bb2 Bg4 12. d5 cxd5 13. cxd5 Nbd7 14. Qb3
Rac8 15. Rfc1 Qb8 16. Rc2 g6 17. Bc1 Be7 18. h3 Bxf3 19. Bxf3 h5 20. Be3
Nh7 21. Qa4 Nb6 22. Bxb6 axb6 23. Raa2 Kg7 24. Qb5 Rc7 25. Na4 Rec8 26. Bd1
Rxc2 27. Bxc2 Bd8 28. Nxb6 Bxb6 29. Qxb6 Rc3 30. Kh2 Nf6 31. Bb1 g5 32. Rc2
Rb3 33. Rc7 Rxb1 34. Qxd6 Qe8 35. Re7 Qc8 36. Rc7 Qe8 37. Re7 1/2-1/2

[Event "City-ch"]
[Site "Moscow RUS"]
[Date "2003.04.20"]
[Round "2.1"]
[White "Jakovenko,D"]
[Black "Vorobiov,E"]
[Result "1/2-1/2"]
[WhiteElo "2562"]
[BlackElo "2534"]
[EventDate "2003.04.20"]

1. e4 c5 2. Nf3 d6 3. d4 cxd4 4. Nxd4 Nf6 5. Nc3 a6 6. Be2 e6 7. O-O Be7 8.
f4 O-O 9. Kh1 Qc7 10. a4 Nc6 11. Be3 Re8 12. Bf3 Bf8 13. Nb3 b6 14. a5 bxa5
15. e5 dxe5 16. fxe5 Rd8 17. Bd2 Nd5 18. Nxd5 exd5 19. Nxa5 Be6 20. Nxc6
Qxc6 21. Bc3 Bc5 22. Qd3 Qc7 23. Rxa6 Rxa6 24. Qxa6 Rb8 25. Re1 Bf2 26. Rd1
d4 27. Bxd4 Bxd4 28. Rxd4 Qxe5 29. Rd1 Qxb2 30. c4 Qb4 31. Bd5 Rd8 32. Qa2
g6 33. h3 Bxd5 34. cxd5 Qd6 35. Qe2 h5 36. Qe4 Kh7 37. Qd4 Rd7 38. Kg1 Rd8
39. Rd2 Re8 40. Kf2 Re5 41. Kg1 1/2-1/2

[Event "City-ch"]
[Site "Moscow RUS"]
[Date "2003.04.20"]
[Round "2.1"]
[White "Amonatov,F"]
[Black "Yuferov,S"]
[Result "1-0"]
[WhiteElo "2558"]
[BlackElo "2441"]
[EventDate "2003.04.20"]

1. e4 c5 2. Nf3 d6 3. d4 cxd4 4. Nxd4 Nf6 5. Nc3 a6 6. Be3 e6 7. f3 Nc6 8.
g4 Be7 9. Qd2 O-O 10. O-O-O Nxd4 11. Bxd4 b5 12. Kb1 Nd7 13. Qf2 Qc7 14. h4
Bb7 15. a3 Bc6 16. g5 Rfb8 17. h5 b4 18. axb4 Qb7 19. b3 Qxb4 20. g6 Bf6
21. gxf7+ Kxf7 22. Rg1 Nc5 23. Na2 Qa3 24. Bc4 Bb5 25. e5 Bxc4 26. Bb2
Qxb2+ 27. Kxb2 Bxe5+ 28. Kc1 Nxb3+ 29. cxb3 Rxb3 30. Rg4 Rc8 31. Qc2 d5 32.
Rxd5 exd5 1-0

[Event "City-ch"]
[Site "Moscow RUS"]
[Date "2003.04.21"]
[Round "2.2"]
[White "Balashov,Y"]
[Black "Malakhov,V"]
[Result "1/2-1/2"]
[WhiteElo "2494"]
[BlackElo "2672"]
[EventDate "2003.04.20"]

1. e4 c6 2. d4 d5 3. Nd2 dxe4 4. Nxe4 Nd7 5. Nf3 Ngf6 6. Nc3 g6 7. Bc4 Bg7
8. O-O O-O 9. Re1 Nb6 10. Bb3 Bg4 11. h3 Bxf3 12. Qxf3 e6 13. Ne2 Nfd7 14.
c3 Nd5 15. Nf4 Nxf4 16. Bxf4 Nb6 17. Rad1 Nd5 18. Be5 b5 19. Qg3 Bxe5 20.
dxe5 Qe7 21. h4 h5 22. Bc2 Kg7 23. Be4 Rad8 24. Rd3 Rd7 25. Red1 Rfd8 26.
Kh2 a5 27. Kh3 c5 28. Qf3 c4 29. Rd4 b4 30. g3 Nb6 31. Qe3 Na4 32. cxb4
Rxd4 33. Rxd4 Rxd4 34. Qxd4 Qxb4 35. b3 Nc3 36. bxc4 a4 37. Bd3 Nxa2 38.
Qf4 Qe7 39. c5 Nc3 40. Qc4 Nd5 41. Qxa4 Qxc5 42. Kg2 Nc3 43. Qf4 Qd5+ 44.
Qf3 Qxe5 45. Kg1 Qd4 46. Kg2 Nd5 47. Be4 Nf6 48. Bd3 Ng4 49. Be2 e5 50. Kg1
Qb6 51. Kg2 f5 52. Kg1 Kh6 53. Kg2 Qd4 54. Bf1 Qc5 55. Be2 Qb6 56. Bd3 Kg7
57. Be2 Kf6 58. Bd3 Qc5 59. Be2 Qb6 60. Bd3 Kg7 61. Be2 Qa7 62. Bc4 Kh6 63.
Be2 Qa2 64. Bf1 Qd2 65. Bc4 f4 66. Be2 Qd4 67. Bf1 Nf6 68. Bd3 Ng4 69. Bf1
Qd8 70. Bd3 fxg3 71. fxg3 Qd6 72. Qa8 Qf6 73. Qf3 Qe7 74. Qe4 Qe6 75. Qa8
Kg7 76. Qb7+ Qf7 77. Qxf7+ Kxf7 78. Kf3 Kf6 79. Bc2 Nh6 80. Be4 Nf5 81. Bd5
Nd4+ 82. Ke4 Ne2 83. Kf3 Nc3 1/2-1/2

[Event "City-ch"]
[Site "Moscow RUS"]
[Date "2003.04.21"]
[Round "2.2"]
[White "Nikolenko,O"]
[Black "Riazantsev,A"]
[Result "1-0"]
[WhiteElo "2521"]
[BlackElo "2534"]
[EventDate "2003.04.20"]

1. e4 c6 2. Nc3 d5 3. Nf3 Bg4 4. h3 Bxf3 5. Qxf3 e6 6. d4 dxe4 7. Nxe4 Nd7
8. Bd3 Ngf6 9. c3 Nxe4 10. Qxe4 Nf6 11. Qe2 Be7 12. O-O O-O 13. Bf4 Qa5 14.
Rfe1 Rad8 15. a3 Bd6 16. Bd2 Rfe8 17. Rad1 Qh5 18. Qxh5 Nxh5 19. g3 Nf6 20.
Bc1 Kf8 21. Kg2 e5 22. dxe5 Rxe5 23. Bc2 Rxe1 24. Rxe1 Bc7 25. f4 Re8 26.
Rxe8+ Kxe8 27. g4 h6 28. Kf3 Ke7 29. h4 Bb6 30. Bd2 Ne8 31. Bd3 Nd6 32. h5
f6 33. b3 Ke6 34. Be1 Bd8 35. c4 c5 36. b4 b6 37. Bf2 cxb4 38. axb4 f5 39.
c5 bxc5 40. bxc5 fxg4+ 41. Kxg4 Ne8 42. Bc4+ Ke7 43. Kf5 Nf6 44. Kg6 a5 45.
Bd4 Bc7 46. f5 Bf4 47. Bb5 Kf8 48. Bxf6 gxf6 49. Kxf6 Bg5+ 50. Ke6 Kg7 51.
c6 Bd8 52. f6+ Kf8 53. Kd7 Bb6 54. Bc4 1-0

[Event "City-ch"]
[Site "Moscow RUS"]
[Date "2003.04.21"]
[Round "2.2"]
[White "Kosyrev,V"]
[Black "Shipov,S"]
[Result "1-0"]
[WhiteElo "2530"]
[BlackElo "2604"]
[EventDate "2003.04.20"]

1. d4 Nf6 2. c4 g6 3. Nc3 d5 4. Nf3 Bg7 5. Bf4 O-O 6. e3 c5 7. dxc5 Ne4 8.
Rc1 Nxc3 9. bxc3 Qa5 10. cxd5 Nd7 11. Qb3 Nxc5 12. Qb4 Qb6 13. Be5 Bxe5 14.
Nxe5 Bf5 15. Rd1 Rfc8 16. f3 Na4 17. Qxb6 axb6 18. e4 Nxc3 19. Ra1 Nxe4 20.
fxe4 Bxe4 21. Nc4 Rc5 22. Nxb6 Ra3 23. Bc4 Rc3 24. Bb3 Bxg2 25. Rg1 Be4 26.
Rg3 Rxg3 27. hxg3 Rc3 28. g4 Rg3 29. Rc1 Rg1+ 30. Kd2 Rxc1 31. Kxc1 h5 32.
gxh5 gxh5 33. Bc4 h4 34. Bf1 Kg7 35. Kd2 Kf6 36. Ke3 Bb1 37. Nd7+ Kg5 38.
a4 Bf5 39. Ne5 f6 40. Nf7+ Kg6 41. Nd8 b6 42. Nc6 Kf7 43. Nd4 Bd7 44. Bb5
Ke8 45. Nc6 Bh3 46. Nd4+ Kd8 47. Ne6+ Kc8 48. Kf3 Bf5 49. Bc6 Bh3 50. Bb5
Bf5 51. Nd4 Bh3 52. Kf4 Kc7 53. Nf5 Bxf5 54. Kxf5 Kd6 55. Ke4 Kc5 1-0

[Event "City-ch"]
[Site "Moscow RUS"]
[Date "2003.04.21"]
[Round "2.2"]
[White "Kholmov,R"]
[Black "Rychagov,A"]
[Result "1/2-1/2"]
[WhiteElo "2439"]
[BlackElo "2556"]
[EventDate "2003.04.20"]

1. e4 e6 2. d4 d5 3. Nd2 c5 4. exd5 exd5 5. Ngf3 Nc6 6. Bb5 Bd6 7. dxc5
Bxc5 8. O-O Nge7 9. c4 O-O 10. Nb3 Bd6 11. c5 Bc7 12. Bg5 f6 13. Bh4 Bg4
14. Bg3 Be5 15. Rb1 a5 16. Be2 Bf5 17. Bd3 Bg4 18. Be2 Bf5 19. Nxe5 fxe5
20. Rc1 a4 21. Nd2 e4 22. Bd6 Rf6 23. Re1 a3 24. Qb3 Qa5 25. Nb1 axb2 26.
Qxb2 d4 27. Bc4+ Kh8 28. Nd2 Nc8 29. Nxe4 Bxe4 30. Rxe4 Nxd6 31. cxd6 Rxd6
32. Qxb7 Rf8 33. Bb5 Qxa2 34. Re2 Qa3 35. Rce1 Nb4 36. Qf7 Rf6 37. Qc4 Qc3
38. Rc1 Qxc4 39. Rxc4 d3 40. Rd2 Rf4 41. Rxf4 Rxf4 42. f3 Rd4 43. Kf2 g5
44. Ke3 Nc2+ 45. Kf2 Nb4 46. Ke3 Nc2+ 47. Kf2 Nb4 1/2-1/2

[Event "City-ch"]
[Site "Moscow RUS"]
[Date "2003.04.21"]
[Round "2.2"]
[White "Vorobiov,E"]
[Black "Jakovenko,D"]
[Result "1-0"]
[WhiteElo "2534"]
[BlackElo "2562"]
[EventDate "2003.04.20"]

1. d4 Nf6 2. c4 e6 3. Nf3 b6 4. a3 Ba6 5. Qc2 Bb7 6. Nc3 c5 7. e4 cxd4 8.
Nxd4 Nc6 9. Nxc6 Bxc6 10. Be2 Qb8 11. f4 d6 12. Bf3 Nd7 13. Be3 Be7 14. Rd1
O-O 15. O-O Rc8 16. Qd2 Rd8 17. Rfe1 a6 18. Bf2 Bb7 19. b4 Qc7 20. Rc1 Rab8
21. Nd5 exd5 22. cxd5 Nc5 23. bxc5 bxc5 24. e5 Ba8 25. Qd3 Rb2 26. Bd4 Rb5
27. e6 Rf8 28. Be4 g6 29. exf7+ Rxf7 30. Bxg6 hxg6 31. Qxg6+ Kf8 32. f5
Bxd5 33. f6 Rb8 34. fxe7+ Rxe7 35. Rxe7 Qxe7 36. Rf1+ 1-0

[Event "City-ch"]
[Site "Moscow RUS"]
[Date "2003.04.21"]
[Round "2.2"]
[White "Vasiukov,E"]
[Black "Najer,E"]
[Result "1/2-1/2"]
[WhiteElo "2529"]
[BlackElo "2606"]
[EventDate "2003.04.20"]

1. e4 c5 2. Nf3 Nc6 3. Bb5 g6 4. O-O Bg7 5. Re1 Nf6 6. c3 O-O 7. d3 d6 8.
Nbd2 Ne8 9. Nc4 Bd7 10. Ba4 Rb8 11. Bb3 b5 12. Ne3 b4 13. Bd2 Nc7 14. Rc1
bxc3 15. bxc3 Na5 16. c4 Nc6 17. h3 Ne6 18. Nd5 h6 19. Ba4 Kh7 20. Bb5 Ncd4
21. Nxd4 Nxd4 22. Bxd7 Qxd7 23. Bc3 Rb7 24. f4 e6 25. Ne3 f5 26. exf5 Nxf5
27. Bxg7 Qxg7 28. Nxf5 Rxf5 29. Rxe6 Qd4+ 30. Kh1 Rxf4 31. Qe2 h5 32. Rf1
Rbf7 33. Rxf4 Qxf4 1/2-1/2

[Event "City-ch"]
[Site "Moscow RUS"]
[Date "2003.04.21"]
[Round "2.2"]
[White "Yuferov,S"]
[Black "Amonatov,F"]
[Result "1-0"]
[WhiteElo "2441"]
[BlackElo "2558"]
[EventDate "2003.04.20"]

1. d4 d5 2. c4 c6 3. Nc3 Nf6 4. e3 a6 5. Nf3 b5 6. b3 Bg4 7. Be2 e6 8. O-O
Nbd7 9. Bb2 Qb8 10. cxd5 cxd5 11. h3 Bh5 12. Ne5 Bxe2 13. Nxe2 Bd6 14. Nc6
Qb6 15. Rc1 Rc8 16. Ne5 O-O 17. Nf4 Qb7 18. Nfd3 Rxc1 19. Qxc1 Rc8 20. Qb1
Ne4 21. Rc1 Nb8 22. f3 Nf6 23. Rc2 Ne8 24. Nc5 Bxc5 25. Qc1 f6 26. Ng4 Nd7
27. dxc5 Qc6 28. Qd2 Qb7 29. b4 Nb8 30. Qe1 Nc6 31. f4 Qf7 32. Re2 Rd8 33.
a3 Qg6 34. Nf2 Nc7 35. Rd2 a5 36. Bc3 axb4 37. Bxb4 e5 38. Rd1 exf4 39.
exf4 Re8 40. Qd2 d4 41. Re1 Rxe1+ 42. Qxe1 Qe8 43. Nd3 Qxe1+ 44. Bxe1 Kf7
45. f5 g6 46. fxg6+ hxg6 47. Kf2 Ke6 48. h4 Ne5 49. Nxe5 fxe5 50. Ba5 Ne8
51. Bd8 Kf5 52. c6 e4 53. c7 Nd6 54. Be7 Nc8 55. Bc5 d3 56. Be3 Kg4 57. g3
Kf5 58. Bf4 Nb6 59. Be3 1-0

[Event "City-ch"]
[Site "Moscow RUS"]
[Date "2003.04.22"]
[Round "3.1"]
[White "Malakhov,V"]
[Black "Nikolenko,O"]
[Result "1-0"]
[WhiteElo "2672"]
[BlackElo "2521"]
[EventDate "2003.04.20"]

1. Nf3 Nf6 2. c4 e6 3. Nc3 Bb4 4. Qc2 O-O 5. a3 Bxc3 6. Qxc3 b6 7. g3 Bb7
8. Bg2 d5 9. cxd5 Nxd5 10. Qc2 c5 11. O-O Nc6 12. e3 Rc8 13. b3 Qe7 14. Bb2
Rfd8 15. Rac1 Nf6 16. Rfd1 h6 17. Qb1 Nh7 18. Bc3 a5 19. Qb2 f6 20. h4 Na7
21. d4 Nb5 22. Be1 cxd4 23. Rxc8 Rxc8 24. a4 Be4 25. axb5 Qb7 26. Bh3 Bxf3
27. Bxe6+ Kh8 28. Rxd4 Re8 29. Bf5 Nf8 30. Qc2 Qf7 31. Qd3 Qh5 32. Rf4 Ne6
33. Rxf3 Qxf3 34. Qd7 Nc7 35. Bg6 Qe2 36. Bxe8 Qxe1+ 37. Kg2 Nxe8 38. Qxe8+
Kh7 39. Qe4+ Kh8 40. Qd4 Qb1 41. Qxb6 Qe4+ 42. Kh2 Qf3 43. Qb8+ Kh7 44. Qf4
Qd5 45. b6 Qb5 46. Qe4+ f5 47. Qe6 1-0

[Event "City-ch"]
[Site "Moscow RUS"]
[Date "2003.04.22"]
[Round "3.1"]
[White "Shipov,S"]
[Black "Rychagov,A"]
[Result "1/2-1/2"]
[WhiteElo "2604"]
[BlackElo "2556"]
[EventDate "2003.04.20"]

1. d4 d5 2. c4 e6 3. Nc3 Nf6 4. cxd5 exd5 5. Bg5 Be7 6. e3 O-O 7. Bd3 Nbd7
8. Nf3 c6 9. Qc2 Re8 10. O-O Nf8 11. h3 Be6 12. Bf4 Rc8 13. Rab1 a5 14. Qb3
b5 15. Rbc1 a4 16. Qc2 Qa5 17. a3 N6d7 18. Rfe1 Nb6 19. e4 b4 20. axb4 Bxb4
21. Bd2 dxe4 22. Nxe4 Bxd2 23. Nexd2 Bd5 24. Ne5 Qb4 25. Bf5 Rc7 26. Ndf3
Rce7 27. Re3 Bxf3 1/2-1/2

[Event "City-ch"]
[Site "Moscow RUS"]
[Date "2003.04.22"]
[Round "3.1"]
[White "Vorobiov,E"]
[Black "Sambuev,B"]
[Result "1/2-1/2"]
[WhiteElo "2534"]
[BlackElo "2484"]
[EventDate "2003.04.20"]

1. e4 e6 2. d3 c5 3. g3 Nc6 4. Bg2 g6 5. f4 Bg7 6. Nf3 Nge7 7. O-O O-O 8.
c3 d6 9. Be3 Rb8 10. d4 cxd4 11. cxd4 d5 12. e5 b5 13. Nbd2 Na5 14. b3 Bd7
15. Ne1 b4 16. Nd3 Bb5 17. Nf3 Qb6 18. Re1 Bxd3 19. Qxd3 Rfc8 20. Rac1 Nf5
21. Bf2 h5 22. Qd2 Nc6 23. Bf1 Rc7 24. Kg2 Rbc8 25. Rc2 a5 26. Rec1 Bf8 27.
Qd3 Nd8 28. h3 Rxc2 29. Rxc2 Rc6 30. g4 hxg4 31. hxg4 Nh6 32. Kg3 Qc7 33.
Rxc6 Qxc6 34. Be3 a4 35. Bd2 axb3 36. axb3 Kg7 37. Qb5 Qc2 38. Qe8 Nc6 39.
f5 Nxg4 40. f6+ Kg8 41. Kxg4 Qf5+ 42. Kg3 Nxd4 43. Nxd4 Qxe5+ 44. Bf4 Qxd4
45. Bd6 Qe3+ 46. Kh2 Qf2+ 47. Bg2 Qh4+ 48. Kg1 Qd4+ 49. Kh2 Qh4+ 50. Bh3
Qf2+ 51. Kh1 Qe1+ 52. Kh2 1/2-1/2

[Event "City-ch"]
[Site "Moscow RUS"]
[Date "2003.04.22"]
[Round "3.1"]
[White "Najer,E"]
[Black "Amonatov,F"]
[Result "1-0"]
[WhiteElo "2606"]
[BlackElo "2558"]
[EventDate "2003.04.20"]

1. d4 d5 2. c4 c6 3. Nc3 Nf6 4. e3 a6 5. Qc2 b5 6. b3 Bg4 7. Nge2 Nbd7 8.
h3 Bh5 9. Nf4 Bg6 10. Nxg6 hxg6 11. Be2 e6 12. a3 Rc8 13. c5 g5 14. Bb2 g6
15. O-O-O Bg7 16. Bd3 e5 17. Kb1 e4 18. Be2 Nf8 19. f3 exf3 20. Bxf3 Ne6
21. e4 g4 22. Be2 gxh3 23. Rxh3 Rxh3 24. gxh3 Kf8 25. e5 Nd7 26. Bg4 Qe7
27. Bc1 Rd8 28. Ne2 Kg8 29. h4 Qxh4 30. Bxe6 fxe6 31. Nf4 Qg4 32. Nxg6 Kf7
33. Be3 Nf8 34. Nxf8 Rxf8 35. Rh1 a5 36. Bc1 Ke7 37. Ka2 a4 38. bxa4 bxa4
39. Bb2 Qe4 40. Qxe4 dxe4 41. Re1 Rf4 42. Re2 Bf8 43. Bc1 Rg4 44. Kb2 Kf7
45. Kc3 Kg6 46. Kb4 Bh6 47. Bxh6 Kxh6 48. Ka5 Kg5 49. Kb6 Kf4 50. Kxc6 Kf3
51. Re1 Kf2 52. Rb1 e3 53. d5 exd5 54. Kxd5 e2 55. c6 Rg1 56. Rb2 Rd1+ 57.
Ke6 Rc1 58. Kd7 Rd1+ 59. Kc8 Rd3 60. e6 Rb3 61. Rxe2+ Kxe2 62. c7 Rxa3 63.
e7 Re3 64. Kd7 Rd3+ 65. Ke6 Re3+ 66. Kd5 1-0

[Event "City-ch"]
[Site "Moscow RUS"]
[Date "2003.04.23"]
[Round "3.2"]
[White "Nikolenko,O"]
[Black "Malakhov,V"]
[Result "0-1"]
[WhiteElo "2521"]
[BlackElo "2672"]
[EventDate "2003.04.20"]

1. e4 c6 2. d4 d5 3. Nc3 dxe4 4. Nxe4 Nd7 5. Qe2 e6 6. Nf3 Ngf6 7. g3 b6 8.
Bg2 Nxe4 9. Qxe4 Bb7 10. O-O Be7 11. Qg4 O-O 12. Bh6 Bf6 13. Rad1 Kh8 14.
Bf4 Be7 15. Ne5 Rc8 16. Rfe1 Nf6 17. Qh3 b5 18. c3 Kg8 19. Nd3 Qb6 20. Be5
Rcd8 21. g4 Nd7 22. b4 Nxe5 23. Rxe5 g6 24. Qh6 Qc7 25. Rde1 Rfe8 26. Nc5
Bd6 27. g5 Bxc5 28. Rxc5 Qf4 29. Rce5 Qd2 30. R1e3 Qd1+ 31. Bf1 c5 32. Rxc5
Qg4+ 33. Rg3 Qe4 34. Bg2 Qe1+ 35. Bf1 Qe4 36. f3 Qe3+ 37. Kg2 Qd2+ 38. Kg1
Qe3+ 39. Kg2 Qd2+ 40. Kh1 Qe1 41. Qh3 Rc8 42. Rxb5 Ba6 43. Rg1 Qxc3 44. Ra5
Bxf1 45. Rxf1 Qxd4 46. Qg4 Qd3 47. Qg1 Rc2 48. Rxa7 Rec8 49. b5 Rc1 50. Ra8
Rxf1 0-1

[Event "City-ch"]
[Site "Moscow RUS"]
[Date "2003.04.23"]
[Round "3.2"]
[White "Rychagov,A"]
[Black "Shipov,S"]
[Result "1/2-1/2"]
[WhiteElo "2556"]
[BlackElo "2604"]
[EventDate "2003.04.20"]

1. d4 Nf6 2. c4 g6 3. Nc3 d5 4. cxd5 Nxd5 5. e4 Nxc3 6. bxc3 Bg7 7. Bc4 c5
8. Ne2 Nc6 9. Be3 O-O 10. O-O Bd7 11. Rb1 a6 12. Nf4 b5 13. Be2 cxd4 14.
cxd4 e5 15. dxe5 Nxe5 16. Nd5 Be6 1/2-1/2

[Event "City-ch"]
[Site "Moscow RUS"]
[Date "2003.04.23"]
[Round "3.2"]
[White "Sambuev,B"]
[Black "Vorobiov,E"]
[Result "0-1"]
[WhiteElo "2484"]
[BlackElo "2534"]
[EventDate "2003.04.20"]

1. d4 Nf6 2. c4 g6 3. Nc3 d5 4. Bf4 Bg7 5. e3 c6 6. Nf3 O-O 7. Be2 Be6 8.
O-O dxc4 9. Ng5 Bd5 10. e4 h6 11. exd5 hxg5 12. dxc6 Nxc6 13. Bxg5 Nxd4 14.
Bxc4 Rc8 15. Qd3 Rc5 16. Bxf6 exf6 17. Rad1 f5 18. Ne2 Qc7 19. Nxd4 Rxc4
20. Nb5 Qc5 21. b3 Rb4 22. Nd6 Rd4 23. Qg3 Rxd1 24. Rxd1 Rd8 25. b4 Qxb4
26. h4 Bf8 27. h5 Rxd6 28. Rc1 Qg4 0-1

[Event "City-ch"]
[Site "Moscow RUS"]
[Date "2003.04.23"]
[Round "3.2"]
[White "Amonatov,F"]
[Black "Najer,E"]
[Result "1/2-1/2"]
[WhiteElo "2558"]
[BlackElo "2606"]
[EventDate "2003.04.20"]

1. e4 c5 2. Nf3 d6 3. d4 cxd4 4. Nxd4 Nf6 5. Nc3 a6 6. Be3 e5 7. Nb3 Be6 8.
f3 h5 9. Qd2 Nbd7 10. O-O-O Rc8 11. Kb1 Be7 12. h3 b5 13. Rg1 h4 14. f4 Qc7
15. Nd5 Bxd5 16. exd5 Ne4 17. Qe1 Ng3 18. Rc1 Nxf1 19. Rxf1 Nf6 20. Qd2 O-O
21. Qd3 Rfe8 22. Rcd1 Bf8 23. c3 Qc4 24. Qxc4 bxc4 25. Nc1 exf4 26. Bxf4
Rc5 27. Rd4 Ne4 28. Kc2 f5 29. Rdd1 g6 30. Ne2 Nf6 31. Nd4 Nxd5 32. Bc1
Ne3+ 33. Bxe3 Rxe3 34. Rd2 Kf7 35. Nf3 Be7 36. Rd4 Ke6 37. Rfd1 Re4 38.
Rxe4+ fxe4 39. Nd4+ Kf7 1/2-1/2

[Event "City-ch"]
[Site "Moscow RUS"]
[Date "2003.04.24"]
[Round "4.1"]
[White "Malakhov,V"]
[Black "Shipov,S"]
[Result "1-0"]
[WhiteElo "2672"]
[BlackElo "2604"]
[EventDate "2003.04.20"]

1. c4 Nf6 2. Nc3 c5 3. Nf3 e6 4. e4 Nc6 5. Be2 e5 6. O-O d6 7. d3 g6 8. a3
Bg7 9. b4 O-O 10. bxc5 dxc5 11. Rb1 b6 12. Nd5 Ne8 13. Nd2 Nd6 14. Bb2 Be6
15. Bf3 Qd7 16. Bc3 Rab8 17. a4 Rfc8 18. g3 Nd4 19. Bg2 Re8 20. Kh1 Rbc8
21. Ba1 Bg4 22. f3 Be6 23. Rf2 Kh8 24. Nf1 f5 25. Nfe3 Rf8 26. Ra2 Rf7 27.
a5 f4 28. Nc2 b5 29. Nxd4 cxd4 30. gxf4 exf4 31. Rc2 Rff8 32. Rbc1 Be5 33.
Qd2 bxc4 34. dxc4 Qg7 35. c5 Nb5 36. Bf1 a6 37. Bxb5 axb5 38. Rd1 Rfd8 39.
Bxd4 Rxd5 40. exd5 Bxd5 41. Bxe5 Bxf3+ 42. Kg1 Qxe5 43. Qd4 Qxd4+ 44. Rxd4
g5 45. a6 Kg7 46. a7 Kf6 47. c6 Ke6 48. c7 Ke7 49. Kf2 1-0

[Event "City-ch"]
[Site "Moscow RUS"]
[Date "2003.04.25"]
[Round "4.2"]
[White "Najer,E"]
[Black "Vorobiov,E"]
[Result "1/2-1/2"]
[WhiteElo "2606"]
[BlackElo "2534"]
[EventDate "2003.04.20"]

1. d4 Nf6 2. c4 g6 3. Nc3 d5 4. cxd5 Nxd5 5. e4 Nxc3 6. bxc3 Bg7 7. Bc4 c5
8. Ne2 Nc6 9. Be3 O-O 10. O-O Bd7 11. Rb1 a6 12. a4 Na5 13. Ba2 cxd4 14.
cxd4 Rc8 15. d5 Qe8 16. Rb4 b5 17. axb5 Bxb5 18. Re1 Nc4 19. Bd4 Ne5 20.
Qa1 Nd3 21. Bxg7 Nxb4 22. Nd4 Nxa2 23. Bxf8 Qxf8 24. Qxa2 Qg7 25. Qa1 Qe5
26. f3 Bd7 27. Rd1 Rc4 28. Ne2 Qd6 29. Qa5 Bb5 30. h3 Qc5+ 31. Kh2 Qd6+
1/2-1/2

[Event "City-ch"]
[Site "Moscow RUS"]
[Date "2003.04.25"]
[Round "4.2"]
[White "Vorobiov,E"]
[Black "Najer,E"]
[Result "1/2-1/2"]
[WhiteElo "2534"]
[BlackElo "2606"]
[EventDate "2003.04.20"]

1. e4 c5 2. Nf3 Nc6 3. d4 cxd4 4. Nxd4 e6 5. Nc3 Qc7 6. Be2 Nf6 7. O-O a6
8. Kh1 Nxd4 9. Qxd4 Bc5 10. Qd3 b5 11. f4 h5 12. e5 1/2-1/2

[Event "City-ch 3rd-4th"]
[Site "Moscow RUS"]
[Date "2003.04.26"]
[Round "5.1"]
[White "Shipov,S"]
[Black "Vorobiov,E"]
[Result "1/2-1/2"]
[WhiteElo "2604"]
[BlackElo "2534"]
[EventDate "2003.04.20"]

1. d4 d5 2. c4 dxc4 3. Nf3 e6 4. e4 b5 5. a4 c6 6. axb5 cxb5 7. b3 Bb7 8.
bxc4 Bxe4 9. cxb5 Nf6 10. Be2 Nbd7 11. O-O Be7 12. Nbd2 Bd5 13. Nc4 Qc7 14.
Nce5 1/2-1/2

[Event "City-ch 3rd-4th"]
[Site "Moscow RUS"]
[Date "2003.04.27"]
[Round "5.2"]
[White "Vorobiov,E"]
[Black "Shipov,S"]
[Result "1/2-1/2"]
[WhiteElo "2534"]
[BlackElo "2604"]
[EventDate "2003.04.20"]

1. e4 e6 2. d4 d5 3. e5 c5 4. c3 Bd7 5. Nf3 Qb6 6. a3 cxd4 7. cxd4 Bb5 8.
Bxb5+ Qxb5 9. Nc3 Qa6 10. b4 Nd7 11. b5 Qa5 12. Bd2 Qd8 13. Na4 Ne7 14. O-O
Nf5 15. Qb3 h5 16. Rfc1 Be7 17. Ra2 O-O 18. Rac2 Nb6 19. Ba5 Qe8 20. Bxb6
axb6 21. Ra2 Ra5 22. Nc3 Qd7 23. a4 Rc8 24. Ne2 Rxc1+ 25. Nxc1 Ra8 26. Rc2
Rc8 27. Ne2 Rc7 28. Ng3 1/2-1/2

[Event "City-ch"]
[Site "Moscow RUS"]
[Date "2003.04.29"]
[Round "5.4"]
[White "Najer,E"]
[Black "Malakhov,V"]
[Result "1/2-1/2"]
[WhiteElo "2606"]
[BlackElo "2672"]
[EventDate "2003.04.20"]

1. d4 Nf6 2. Nf3 e6 3. c4 c5 4. d5 b5 5. Bg5 h6 6. Bxf6 Qxf6 7. Nc3 b4 8.
Nb5 Na6 9. e4 g5 10. e5 Qf4 11. Bd3 g4 12. Qd2 Qxd2+ 13. Nxd2 Bg7 14. f4
gxf3 15. Nxf3 O-O 16. O-O-O Rb8 17. Be4 Bb7 18. Rhe1 exd5 19. Bxd5 Kh7 20.
Be4+ Bxe4 21. Rxe4 Rb7 22. Nd6 Rb6 23. Rf4 Nb8 24. Rxf7 1/2-1/2